| 000 | 004370000a22001810004500 | ||
|---|---|---|---|
| 003 | LK-CoMWRAF | ||
| 008 | 230817t ||||| |||| 00| 0 eng d | ||
| 020 | _a1845090934 | ||
| 040 |
_aLK-CoMWRAF _dLK-CoMWRAF _eLK-CoMWRAF |
||
| 041 | _aeng | ||
| 082 |
_a800 _bSTA |
||
| 100 | _aStapleton, Dorothy | ||
| 245 |
_aKids can Quilt _b |
||
| 260 |
_bSilverdale Books _a _c2004 |
||
| 300 | _ap.128 | ||
| 650 | _aTraining Materials | ||
| 942 | _cBK | ||
| 999 |
_c2184 _d2184 |
||